000 01581nam a2200337 c 4500
003 BLK
005 20180422115214.0
008 180411b bul|||||r ||||||| ||bul||
010 _aKNG00191060000
040 _aBLK
041 _aBUL
_cBUL
080 _aИкономическо положение. Икономическа политика. Управление. Планиране. Производство. Услуги. Цени
_b338
_x(4)
_z338(4)
100 1 _aДавидова, София Мойсей
_eпърви автор
_9383914
700 1 _aПетранов, Стефан Христов
_eсъавт.
_9380049
139 _aДавидова, София Мойсей
_bД 13
245 1 0 _aСравнителен анализ на икономическите структури на страните - членки на ЕИО
_bИзследване]
_cСофия Мойсей Давидова; съавт. Стефан Христов Петранов.
257 _aBGR
260 София
_bНаука и изкуство
_c1987
_f(Ямбол : печ. Г. Димитров)
300 _a184 с.
_bс табл., диагр.
_c22 см
380 _a3
500 _aБибилиогр. под линия.
650 4 _aЗападна Европа - политически системи
_9309363
650 4 _aЕвропейска общност
_9178862
651 4 _aЕвропа
_9244407
653 _aЕИО
852 _aЦб 146779
856 4 _qpdf
_u
856 4 _qpdf
_u
942 _cKNG
_n0
944 _aCR
_c29.09.2016
_kИрена_Линкова
944 _aED
_c29.09.2016
_kИрена_Линкова
999 _c182137
_d182137